| 000 | 00520nam a2200181Ia 4500 | ||
|---|---|---|---|
| 008 | 231217s9999 xx 000 0 und d | ||
| 020 | _a70604487 | ||
| 041 | _aEnglish | ||
| 082 | _a658.5 CHA1;1 R | ||
| 100 | _aChase, Richard B Jacobs, F Robert Aquilano, Nicholas J | ||
| 245 | 0 | _aOperations management : for competitive advantage | |
| 250 | _a11th ed. | ||
| 260 |
_c2006 _bTMH _aNew Delhi |
||
| 300 | _axxxv+875 | ||
| 300 | _cCD2742 | ||
| 650 | _aOperations,management,:,competitive,advantage | ||
| 942 | _cAA | ||
| 999 |
_c177938 _d177938 |
||